000 00347 a2200145 4500
001 166909
020 _a
040 _cMagnum
100 _aChartier, Anne-Marie
240 1 0 _aLer e escrever: entrando no mundo da escrita
_lpor
245 1 0 _aLer e escrever: entrando no mundo da escrita
362 0 _a1899
697 _aPEDAGOGIA
942 _cBK
999 _c166909
_d166909